000
00342 a2200157 4500
001
45370
020
_a
8504007073
040
_c
Anchieta - Aquarius
100
_a
Murray, Roseana
240
1
0
_a
O mar e os sonhos
_l
por
245
1
0
_a
O mar e os sonhos
300
_a
362
0
_a
2004
650
4
_a
Literatura infanto-juvenil
942
_c
BK
999
_c
45370
_d
45370